banner-ar

الحاسبات الالكترونية / (Record no. 27450)

MARC details
000 -الفاتح
حقل البيانات ثابتة الطول 00553nam a2200145Ia 4500
008 - عناصر البيانات ثابتة الطول - معلومات عامة
حقل البيانات ثابتة الطول 140319s9999 xx 000 0 ara d
040 ## - مصدر الفهرسة
وكالة الفهرسة الأصلية GCL /
وكالة النسخ GCL
082 04 - رقم تصنيف ديوى العشرى
رقم التصنيف د
رقم المادة 050
-- ج ح
100 1# - المدخل الرئيسى - إسم شخصى
الإسم الشخصى الجهاز المركزى للتعبئة العامة
245 10 - بيان العنوان
العنوان الحاسبات الالكترونية /
بيان المسئوليه,etc الجهاز المركزى للتعبئة العامة
260 ## - PUBLICATION, DISTRIBUTION, ETC. (IMPRINT)
تاريخ النشر أو التوزيع 1973
300 ## - الوصف المادى
التعداد 106
490 ## - بيان السلسلة
عنوان السلسلة الدراسات الادارية
رقم المجلد/ التعيين التسلسلي 0
260 ## - PUBLICATION, DISTRIBUTION, ETC. (IMPRINT)
-- [S.N] :
-- الجهاز المركزى للتعبئة العامة والاحصاء ،
Holdings
حالة التراجع حالة الفقد حالة تلف ليس للاعارة المكان المؤقت الموقع الحالى تاريخ الاكتساب اجمالي اﻻعارات رقم الطلب الباركود تاريخ اخر مشاهدة تاريخ تفعيل السعر نوع وعاء كوها
        مكتبة القاهرة الكبرى مكتبة القاهرة الكبرى 03/26/2014   د\050\ج ح 62273 03/26/2014 03/26/2014 ملف كمبيوتر
        مكتبة القاهرة الكبرى مكتبة القاهرة الكبرى 03/26/2014   د\050\ج ح 62274 03/26/2014 03/26/2014 ملف كمبيوتر

Powered By

EGPV